| 000 | 00410pab a2200145 454500 | ||
|---|---|---|---|
| 008 | 180718b1983 xxu||||| |||| 00| 0 eng d | ||
| 100 | _aAngadi, V.B. | ||
| 245 |
_aBanks' advances to priority sectors _bAn enquiry into the causes of concentration |
||
| 260 | _c1983 | ||
| 300 | _a503-10 | ||
| 362 | _a26 Mar. | ||
| 650 | _aAgricultural Credit - India | ||
| 773 | _aEconomic and Political Weekly | ||
| 909 | _a3374 | ||
| 999 |
_c3374 _d3374 |
||